काला पंछी : (Record no. 115368)
[ view plain ]
| 000 -LEADER | |
|---|---|
| fixed length control field | 00940nam a22002537a 4500 |
| 005 - DATE AND TIME OF LATEST TRANSACTION | |
| control field | 20170124103023.0 |
| 010 ## - LIBRARY OF CONGRESS CONTROL NUMBER | |
| LC control number | A-885948 |
| 020 ## - INTERNATIONAL STANDARD BOOK NUMBER | |
| Terms of availability | 100.00 |
| 035 ## - SYSTEM CONTROL NUMBER | |
| System control number | A-885948 |
| 037 ## - SOURCE OF ACQUISITION | |
| Source of stock number/acquisition | Cen Lib/Ret |
| 040 ## - CATALOGING SOURCE | |
| Original cataloging agency | DPL |
| Language of cataloging | HN |
| 082 ## - DEWEY DECIMAL CLASSIFICATION NUMBER | |
| Classification number | उ |
| Item number | बनाफ |
| 100 ## - MAIN ENTRY--PERSONAL NAME | |
| Personal name | बनाफर चन्द्र |
| 9 (RLIN) | 61126 |
| 245 ## - TITLE STATEMENT | |
| Title | काला पंछी : |
| Statement of responsibility, etc | बनाफर चन्द्र |
| Remainder of title | अतीत कथा / |
| 246 ## - VARYING FORM OF TITLE | |
| Title proper/short title | Kala panchhi : ateet katha / |
| Remainder of title | by Banaphar Chandra |
| 260 ## - PUBLICATION, DISTRIBUTION, ETC. (IMPRINT) | |
| Place of publication, distribution, etc | दिल्ली |
| Name of publisher, distributor, etc | यात्री प्रकाशन |
| Date of publication, distribution, etc | 1997 |
| 270 ## - ADDRESS | |
| City | दिल्ली |
| Address | बी-131, सादतपुर |
| Postal code | 110094 |
| 300 ## - PHYSICAL DESCRIPTION | |
| Extent | 127पृ. |
| Dimensions | 21सेमी(सजिल्द) |
| 650 ## - SUBJECT ADDED ENTRY--TOPICAL TERM | |
| Topical term or geographic name as entry element | हिन्दी साहित्य |
| 9 (RLIN) | 61127 |
| 650 ## - SUBJECT ADDED ENTRY--TOPICAL TERM | |
| Topical term or geographic name as entry element | उपन्यास |
| 9 (RLIN) | 61128 |
| 650 ## - SUBJECT ADDED ENTRY--TOPICAL TERM | |
| Topical term or geographic name as entry element | Hindi literature |
| 9 (RLIN) | 61129 |
| 650 ## - SUBJECT ADDED ENTRY--TOPICAL TERM | |
| Topical term or geographic name as entry element | Fiction |
| 9 (RLIN) | 8901 |
| 942 ## - ADDED ENTRY ELEMENTS (KOHA) | |
| Source of classification or shelving scheme | Dewey Decimal Classification |
| Classification part | उ |
| Koha item type | Hindi Books |
| Call number suffix | बनाफ |
| Withdrawn status | Lost status | Damaged status | Not for loan | Home library | Current library | Date acquired | Source of acquisition | Cost, normal purchase price | Total Checkouts | Full call number | Barcode | Date last seen | Copy number | Cost, replacement price | Price effective from | Koha item type | Public note |
|---|---|---|---|---|---|---|---|---|---|---|---|---|---|---|---|---|---|
| Written off | Central Library | Central Library | 20/08/2015 | Cen Lib/Ret | 100.00 | उ बनाफ | A-885948 | 20/08/2015 | 1 | 100.00 | 20/08/2015 | Hindi Books | Written off on approval by DLB (By Circulation); dtd 15-06-2023 |
